000 00326pab a2200133 454500
008 180718b xxu||||| |||| 00| 0 eng d
100 _aBhatia, Prem
245 _aPrime minister's "tactics"
650 _a Prime Minister
650 _a Narasimha Rao, P.V.
650 _aGovernment, Central
773 _aTribune
909 _a22636
999 _c22636
_d22636